000 00965nam0a22002531 4500
001 rc\4639416
005 20250612140240.0
021 _aRU
_b[57-56281]
035 _a(NLR Aleph) 008684440
090 _a9199424
_c9199424
100 _a20130416d1957 |||y0rusy50 ca
101 0 _arus
102 _aRU
105 _ay z |||||
200 1 _aРечной транспорт СССР
_eК сорокалетию Великой Октябрьской соц. революции
_eЛекция канд. экон. наук Слуцкого С.С.
_fМоск. бассейновое науч. техн. о-во водного транспорта
210 _aМосква
_cБ. и.
_d1957
215 _a35 с.
_d20
606 _aРечной транспорт СССР
_2psbo
700 1 _aСлуцкий
_bС.С.
_gСамуил Соломонович
801 0 _aRU
_bNLR
_gpsbo
801 1 _aRU
_bELAR
_2rusmarc
852 _aNLR
_j57-4/14507
942 _cBOOK
980 _aNB